Top 10 Oldest U.S. States with Exceptions - Statistics

General Stats
  • This quiz has been taken 1,725 times
  • The average score is 8 of 10
Answer Stats
Year State % Correct
1803 Ohio
90%
1792 Kentucky
87%
1796 Tennessee
85%
1819 Alabama
83%
1820 Maine
83%
1818 Illinois
81%
1816 Indiana
81%
1817 Mississippi
81%
1791 Vermont
78%
1812 Louisiana
76%
No matching quizzes found
Score Distribution
Percent of People with Each Score
Percentile by Number Answered
Your Score History
You have not taken this quiz